000 00374nam a2200133Ia 4500
005 20260326100024.0
008 260326s9999||||xx |||||||||||||| ||und||
100 _aPuppo, Ernesto
245 0 _aAcondicionamiento natural y Arquitectura :
_b EcologĂ­a en Arquitectura /
_cErnesto Puppo
260 _bMarcombo
300 _a206 p.
650 _aARQUITECTURA Y CLIMA
942 _cBK
999 _c6296
_d6296